Haji Abdul Majeed (Marhoom) (Record no. 11239)
[ view plain ]
| 000 -LEADER | |
|---|---|
| fixed length control field | 00546 a2200157 4500 |
| 020 ## - INTERNATIONAL STANDARD BOOK NUMBER | |
| International Standard Book Number | - |
| 082 ## - DEWEY DECIMAL CLASSIFICATION NUMBER | |
| Classification number | Sheikh, Abdul Rasheed |
| 090 ## - LOCALLY ASSIGNED LC-TYPE CALL NUMBER (OCLC); LOCAL CALL NUMBER (RLIN) | |
| -- | 7436 |
| -- | 7436 |
| 100 ## - MAIN ENTRY--PERSONAL NAME | |
| Personal name | Sheikh, Abdul Rasheed |
| 245 ## - TITLE STATEMENT | |
| Title | Haji Abdul Majeed (Marhoom) |
| Remainder of title | Yadain, Baatain, Molaqaatain |
| Statement of responsibility, etc. | Sheikh, Abdul Rasheed |
| 260 ## - PUBLICATION, DISTRIBUTION, ETC. | |
| Place of publication, distribution, etc. | Gujrat (Pakistan) |
| Name of publisher, distributor, etc. | University of Gujrat Press |
| Date of publication, distribution, etc. | 2011 |
| 300 ## - PHYSICAL DESCRIPTION | |
| Extent | 153 p. ; |
| Other physical details | ill. ; |
| Dimensions | 18 cm. |
| 500 ## - GENERAL NOTE | |
| General note | Includes index |
| 650 ## - SUBJECT ADDED ENTRY--TOPICAL TERM | |
| Topical term or geographic name entry element | 1. Haji Abdul Majeed--Criticism and interpretation. 2. Criticism and interpretation. |
| 942 ## - ADDED ENTRY ELEMENTS (KOHA) | |
| Koha item type | Book |
| Call number prefix | 891.4391 SHE |
| Withdrawn status | Lost status | Damaged status | Not for loan | Permanent Location | Current Location | Total Checkouts | Full call number | Barcode | Date last seen | Date last checked out | Price effective from | Koha item type |
|---|---|---|---|---|---|---|---|---|---|---|---|---|
| Central Library (CL) | Central Library (CL) | 1 | 891.4391 SHE | SEECSD00697 | 10/13/2014 | 10/01/2014 | 11/14/2012 | Book |
